006070000a2200217000450024500940000065000180009465000180011265000170013065000150014765300140016265300170017665300170019365300170021065300160022765300150024365300160025804100140027470000230028810000250031177300530033610aTaxonomic value of the cuticular structures of the stomodeum in acridomorpha (Orthoptera)14aEntomología14aSistemática14aMorfología14aAnatomía fAcrididae fEumastacidae fProscopiidae fOmmexechidae fPauliinidae fRomaleidae fTristiridae0 aEspañol1 aLorier, Estrellita1 aBentos Pereira, Alba1 tJournal of Orthoptera Researchh4q185-195d1995